Món ăn các nước

Shranjeno v:
Bibliografske podrobnosti
Glavni avtor: Nguyễn Thị Diệu Thảo
Format: Knjiga
Oznake: Označite
Brez oznak, prvi označite!
Thư viện lưu trữ: Mạng thư viện Đại học Đà Nẵng
LEADER 00986nam a2200241 4500
001 000006668
003 2826
005 20150812140847.0
008 110916s sd
041 0 |a 0 
082 1 |a 641.59  |b NG-T 
100 0 |a Nguyễn Thị Diệu Thảo 
245 0 0 |a Món ăn các nước  |c Nguyễn Thị Diệu Thảo 
774 |a Nguyễn Thị Diệu Thảo  |d H.  |d Đại học Sư phạm  |d 2005  |g T.1  |h 399 tr.  |n Đầu bìa sách ghi: Bộ Giáo dục và Đào tạo. Dự án Đào tạo giáo viên THCS  |t Món ăn Âu Á  |w 2828 
774 |a Nguyễn Thị Diệu Thảo  |d H.  |d Đại học Sư phạm  |d 2005  |g T.2  |h 199 tr.  |n Đầu bìa sách ghi: Bộ Giáo dục và Đào tạo. Dự án Đào tạo giáo viên THCS  |t Các món bánh Á, Âu  |w 2829 
OWN |a LSP 
999 |a From the UDN01 
TYP |a Monograph 
TYP |a Printed language 
980 |a Mạng thư viện Đại học Đà Nẵng